| 000 | 00397pab a2200157 454500 | ||
|---|---|---|---|
| 008 | 180718b1999 xxu||||| |||| 00| 0 eng d | ||
| 100 | _aPanchamukhi, V.R. | ||
| 245 | _aStrengthening the economy | ||
| 260 | _c1999 | ||
| 300 | _ap.15-17 | ||
| 362 | _aJan | ||
| 650 | _aEconomic and social development - India | ||
| 650 | _aEconomic and social development | ||
| 773 | _aYojana | ||
| 909 | _a39778 | ||
| 999 |
_c39778 _d39778 |
||